000 00498nam a2200181Ia 4500
005 20250317122907.0
008 008 250317s9999 xx 000 0 eng d
037 _aTextbook
040 _aFMSL
_beng
_cFMSL
041 _aeng
_2eng
084 _aD658(B) N7
_qFMSL
100 _aKanter J
245 0 _aComputer and the executive
260 _aEnglewood
_bEnglewood, Cliffs P H India
_c1967
300 _a134p
942 _cTB
_hD658(B) N7
999 _c1249061
_d1249061